01271 a2200193 4500003000500000005001700005010001600022020001500038040000900053082001700062100002400079245006300103250001400166260003300180300003300213505075600246650004101002650003401043Nust20221125123610.0 a 89061420 a0029465176 cNust00a621.3815,BOG1 aBogart, Theodore F.10aElectronic devices and circuits /cTheodore F. Bogart, Jr. a6th ed. / aN,YbMerril Pub. Co.,c2004 axi, 877 p. :bill. ;c25 cm. aIntroduction (Page-1), The pn Junction (Page-6), The Diode as a Circuit Element (Page-33), Bipolar Junction Transistors (Page-80), Field Effect Transistors (Page-137), Amplifier Fundamentals (Page-177), Small-Signal Transistor Amplifiers (Page-198), Ideal Operational Amplifier Circuits and analysis (Page-276), Frequency Response (Page-302), Operational Amplifier Theory and Performance (Page-366), Advanced Operational Amplifier Applications (Page-418), Wave Generation and Shaping (Page-470), Regulated and Switching Power Supplies (Page-512), Digital-to-Analog and Analog-to-Digital Converters (Page-544), Special Electronic Devices (Page-576), Transistor Analog Circuits Building Blocks (Page-692), Introduction to Digital VLSI Design (Page-754). 0aElectronic apparatus and appliances. 0aTelecommunication Engineering